000 00667cam a22002413a 4500
001 1063
003 PGUSA
005 20140828082956.0
008 100606s2010||||xxu|||||s|||||000 1 eng d
040 _aPGUSA
_beng
042 _adc
050 4 _aPS
100 1 _aPoe, Edgar Allan,
_d1809-1849
245 1 4 _aThe Cask of Amontillado
_h[electronic resource] /
_cEdgar Allan Poe
260 _bProject Gutenberg,
_c2010
506 _aPublic domain in the USA.
516 _aElectronic text
653 _aRevenge -- Fiction
653 _aHorror tales, American
830 0 _aProject Gutenberg
_v1063
856 4 0 _uhttp://www.gutenberg.org/ebooks/1063
942 _cEB
999 _c230414
_d230414